000 00445nam a22001217a 4500
999 _c9956
_d9956
003 OSt
008 201217b ||||| |||| 00| 0 eng d
245 _aThe Indian Journal of Technical Education
250 _a2003(Jan-Mar Vol.26 No.1, Apr-Jun Vol.26 No.2, Jul-Sep Vol.26 No.3) 2004(Jan-Mar Vol.27 No.1)
260 _aNew Delhi
_bISTE - Indian Society for Technical Education
650 _aElectronics and Communication Engineering
942 _2ddc
_cBV